[Event "Staatsliga B/Ost"]
[Site "Lackenbach"]
[Date "1998.10.18"]
[Round "2.4"]
[White "Vokroj, Rene"]
[Black "Krpelan, Wolfgang"]
[Result "1/2-1/2"]
[WhiteElo "2285"]
[BlackElo "2190"]
[PlyCount "145"]
[EventDate "1998.10.17"]

1. Nf3 d5 2. g3 Nf6 3. Bg2 g6 4. c4 c6 5. b3 Bg7 6. Bb2 O-O 7. O-O Bg4 8. h3
Bxf3 9. Bxf3 d4 10. d3 a5 11. Nd2 Na6 12. Bg2 Nd7 13. f4 Nac5 14. Nf3 e5 15.
fxe5 Nxe5 16. Bc1 Ne6 17. Bd2 f5 18. a3 f4 19. g4 Nxf3+ 20. Rxf3 Ra6 21. Rf1
Be5 22. b4 axb4 23. axb4 Rxa1 24. Qxa1 Bb8 25. c5 Kg7 26. Qa2 Qf6 27. Qc4 Qe5
28. Bf3 Rf6 29. h4 Rf8 30. Be1 Rd8 31. Bf2 Rd7 32. Kg2 h6 33. Rh1 Rd8 34. h5 g5
35. Qa2 Nc7 36. Rc1 Nb5 37. Qa8 Qc7 38. Qa1 Qe5 39. Rc4 Kf8 40. Kg1 Bc7 41. Rc2
Qe6 42. Ra2 Qc8 43. Kg2 Kg8 44. Kh3 Nc3 45. Rc2 Be5 46. Be1 Qe6 47. Qa5 Rc8 48.
Rb2 Kh8 49. Qb6 Na4 50. Qxb7 Nxb2 51. Be4 Bg7 52. Bf2 Rd8 53. b5 Nd1 54. Be1
Ne3 55. Bf3 cxb5 56. Ba5 Rf8 57. c6 Qc8 58. Qxb5 Qe6 59. Qb7 Qc8 60. Qb5 Qe6
61. Qb7 Nxg4 62. Qd7 Nf2+ 63. Kg2 Qxd7 64. cxd7 Nxd3 65. exd3 Bf6 66. Bb6 Kg7
67. Kh3 Rb8 68. Bc7 Rh8 69. Kg4 Bd8 70. Be5+ Bf6 71. Bc7 Bd8 72. Be5+ Bf6 73.
Bc7 1/2-1/2

[Event "Staatsliga B/Ost"]
[Site "Lackenbach"]
[Date "1998.10.18"]
[Round "2.6"]
[White "Reschun, Sascha"]
[Black "Herbst, Daniel"]
[Result "1-0"]
[WhiteElo "2270"]
[BlackElo "2135"]
[PlyCount "47"]
[EventDate "1998.10.17"]

1. e4 c5 2. Nf3 d6 3. d4 cxd4 4. Nxd4 Nf6 5. Nc3 a6 6. f4 e5 7. Nf3 Qc7 8. Bd3
Be7 9. fxe5 dxe5 10. O-O O-O 11. Qe1 Nbd7 12. Bg5 Bb4 13. Nh4 Bxc3 14. bxc3 h6
15. Bd2 Nh7 16. Qg3 Ndf6 17. Bxh6 Nh5 18. Qf3 Bg4 19. Qxg4 Qb6+ 20. Kh1 Qxh6
21. Nf5 Qg5 22. Qxg5 Nxg5 23. Ne7+ Kh8 24. Rf5 1-0